Plantas medicinales de la República de Uruguay y noticias sobre los indígenas / (Record no. 165458)

MARC details
000 -LEADER
campo de control de longitud fija 00675nam a2200181 i 4500
001 - NÚMERO DE CONTROL
campo de control 165458
003 - IDENTIFICADOR DE NÚMERO DE CONTROL
campo de control ES-MaACL
005 - FECHA Y HORA DE LA ÚLTIMA TRANSACCIÓN
campo de control 20250806064055.0
008 - DATOS DE LONGITUD FIJA--INFORMACIÓN GENERAL
campo de control de longitud fija 030226s1874 sp |||| | spa d
040 ## - FUENTE DE CATALOGACIÓN
Centro catalogador/agencia de origen CCPB | B
Lengua de catalogación spa
Centro/agencia transcriptor CCPB | B
100 1# - ENTRADA PRINCIPAL--NOMBRE DE PERSONA
Nombre de persona Sobron, Félix C.
9 (RLIN) 132791
245 10 - MENCIÓN DEL TÍTULO
Título Plantas medicinales de la República de Uruguay y noticias sobre los indígenas /
Mención de responsabilidad, etc. por Félix C. y Sobron.
260 ## - PUBLICACIÓN, DISTRIBUCIÓN, ETC.
Lugar de publicación, distribución, etc. Madrid :
Nombre del editor, distribuidor, etc. [s.n.],
Fecha de publicación, distribución, etc. 1874 (
Fabricante establecimiento tipográfico de Julián Peña)
300 ## - DESCRIPCIÓN FÍSICA
Extensión 44 p. ;
Dimensiones 25 cm.
650 #7 - PUNTO DE ACCESO ADICIONAL DE MATERIA--TÉRMINO DE MATERIA
Término de materia o nombre geográfico como elemento de entrada Plantas medicinales
Fuente del encabezamiento o término embne
9 (RLIN) 16118
852 ## - LOCALIZACIÓN
Ubicación ES-MaACL
Número de control de estantería T-441-F-13
Nota libre -- Enc. hol.
-- -- Enc. en un vol. facticio
Holdings
Estatus retirado Estado de pérdida Estado de daño No para préstamo Colección Biblioteca de origen Biblioteca actual Ubicación en estantería Fecha de adquisición Total de préstamos Signatura topográfica completa Código de barras Visto por última vez Precio de reemplazo Tipo de ítem Koha
        Colección de folletos Biblioteca del Ateneo de Madrid Biblioteca del Ateneo de Madrid Depósito folletos 17/01/2008   T-441-F-13 1173503 23/02/2023 23/02/2023 Folleto